LEADER 01137nam a2200253 i 4500 001 991002937009707536 005 20021022144147.0 008 960610s1877 fr ||| | fre 035 $ab11730948-39ule_inst 035 $aLE021FD223184$9ExL 040 $aDip. SSSC$bita 100 1 $aManne, Edmond-Denis De$0451932 245 10$aGalerie historique des acteurs francais :$bmimes et paradistes qui se sont rendus célèbres dans les annales des scènes secondaires depuis 1760 jusqu'à nos jours :$bpour servir de complément a la troupe deNicolet /$cpar E. E. De Manne et C. Menetrier ; ornée 260 $aLyon :$bN. Scheuring,$c1877 650 4$aAttori$zFrancia$ySec. 18 650 4$aBiografie$xTeatro$zFrancia$ySec. 18-19 700 1 $aMenetrier, Charles 700 1 $aFugère, J. M. 907 $a.b11730948$b02-04-14$c24-10-02 912 $a991002937009707536 945 $aLE021FD ANT30E12$g1$iLE021FD-2894$lle023$nFondo D'Amico$o-$pE0.00$q-$rn$so $t0$u0$v0$w0$x0$y.i1197087x$z24-10-02 996 $aGalerie historique des acteurs francais$9903132 997 $aUNISALENTO 998 $ale021$b10-06-96$cm$da $e-$ffre$gfr $h0$i1